000 01171nam a22003377a 4500
001 000738
003 DO-SdBNP
005 20180209130150.0
007 000738
008 161123b 1992 sp a ||||| |||| 00| 0 spa d
020 _a843481451X
040 _aBPMSU
_bspa
_cBPMSU
100 1 _aCollodi, Carlo,
_d1826-1890.
240 1 _aPipì, lo scimmiottino color di rosa.
_lEspañol
245 1 0 _aPipeto, el monito rosado /
_cCarlo Collodi ; traducción del italiano, Manuel Barbadillo ; ilustraciones, Alfonso Ruano.
250 _a8ª ed.
260 _aMadrid :
_bSM,
_c1992.
300 _a110 p. :
_bil. ;
_c19 cm.
490 1 _aBarco de vapor. Serie naranja
_v30
490 1 _aEl barco de vapor
_v73
500 _a"A partir de 9 años"
500 _aTraducción de: Pipi, lo scimmiottino color di rosa
586 _aFinalista del premio El Barco de Vapor, 1983.
700 1 2 _aRuano, Alfonso,
_d1949-
_eil.
700 1 2 _aBarbadillo, Manuel,
_d1928-2007
_etr.
830 0 _aBarco de vapor. Serie naranja ;
_v30
830 0 _aEl barco de vapor ;
_v73
942 _2ddc
_cBK
945 _aInventariado, 2018 /LP
956 _aLOPEREZ
_b10
_c20161123
_hBPMSU
999 _c12076
_d12076